[Event "40th Guernsey Open 2014"]
[Site "Vale GCI"]
[Date "2014.10.24"]
[Round "6.2"]
[White "Johnsen, Gunnar"]
[Black "Hillarp Persson, Tiger"]
[Result "0-1"]
[BlackTitle "GM"]
[WhiteElo "2140"]
[BlackElo "2555"]
[WhiteFideId "1500511"]
[BlackFideId "1700812"]
[EventDate "2014.10.19"]
[EventType "swiss"]

1. d4 Nf6 2. c4 g6 3. Nc3 Bg7 4. e4 d6 5. Nf3 O-O 6. Be2 c6 7. O-O e5 8. Re1 Na6
9. Bf1 Bg4 10. d5 c5 11. h3 Bc8 12. g3 Kh8 13. a3 Ng8 14. Bg2 b6 15. Rb1 Bh6 16.
Bxh6 Nxh6 17. Qd2 Kg7 18. b4 f6 19. Rf1 Bd7 20. Ne1 Qc8 21. b5 Nc7 22. Kh2 Nf7
23. Nd3 Ne8 24. f4 a6 25. a4 Kg8 26. h4 axb5 27. axb5 exf4 28. gxf4 Ng7 29. e5
fxe5 30. fxe5 Qd8 31. e6 Qxh4+ 32. Kg1 Qd4+ 33. Qf2 Qxc3 34. exf7+ Kh8 35. Nf4
Nf5 0-1

[Event "40th Guernsey Open 2014"]
[Site "Vale GCI"]
[Date "2014.10.24"]
[Round "6.3"]
[White "Hambleton, Aman"]
[Black "Jackson, Oliver A"]
[Result "1-0"]
[WhiteTitle "IM"]
[BlackTitle "FM"]
[WhiteElo "2456"]
[BlackElo "2142"]
[WhiteFideId "2606577"]
[BlackFideId "403156"]
[EventDate "2014.10.19"]
[EventType "swiss"]

1. c4 e5 2. e3 Nc6 3. Nc3 f5 4. g3 Nf6 5. Bg2 g6 6. d3 Bg7 7. Nge2 O-O 8. O-O d6
9. f4 Be6 10. Nd5 Qd7 11. Rb1 Nd8 12. b4 c6 13. Nxf6+ Bxf6 14. b5 e4 15. dxe4
Bxc4 16. bxc6 bxc6 17. Qc2 Qf7 18. Ba3 Re8 19. Rbc1 d5 20. e5 Be7 21. Bxe7 Qxe7
22. Rfe1 Ne6 23. Nc3 Rac8 24. e4 d4 25. Nb1 Bb5 26. a4 Ba6 27. exf5 d3 28. Qc3
gxf5 29. Qa5 Qb7 30. Nd2 Qb6+ 31. Qxb6 axb6 32. Rxc6 Rxc6 33. Bxc6 Rd8 34. Rb1
Rb8 35. a5 b5 36. Bd5 Kf7 37. Nb3 Bb7 38. Bxe6+ Kxe6 39. Nc5+ Ke7 40. Nxb7 Rxb7
41. Kf2 1-0

[Event "40th Guernsey Open 2014"]
[Site "Vale GCI"]
[Date "2014.10.24"]
[Round "6.4"]
[White "De Haan, Eric"]
[Black "Curtis, John E"]
[Result "1-0"]
[WhiteTitle "FM"]
[WhiteElo "2282"]
[BlackElo "2100"]
[WhiteFideId "1005006"]
[BlackFideId "411892"]
[EventDate "2014.10.19"]
[EventType "swiss"]

1. d4 d6 2. c4 e5 3. d5 f5 4. e4 fxe4 5. Nc3 Nf6 6. Bg5 Bf5 7. Nge2 Be7 8. Bxf6
gxf6 9. Ng3 Bg6 10. h4 Qd7 11. h5 Bf7 12. f3 Rg8 13. Ngxe4 f5 14. Nf2 a5 15. g4
Na6 16. Bh3 Bh4 17. gxf5 Nc5 18. Ke2 Bxf2 19. Kxf2 Bxh5 20. f6 Qf7 21. Be6 Nxe6
22. dxe6 Qxf6 23. Rxh5 Qg6 24. Ne4 1-0

[Event "40th Guernsey Open 2014"]
[Site "Vale GCI"]
[Date "2014.10.24"]
[Round "6.5"]
[White "Dilleigh, Stephen P"]
[Black "Wustefeld, Carl"]
[Result "1/2-1/2"]
[WhiteElo "2128"]
[BlackElo "2256"]
[WhiteFideId "408379"]
[BlackFideId "1006347"]
[EventDate "2014.10.19"]
[EventType "swiss"]

1. Nf3 g6 2. c4 Bg7 3. d4 c5 4. e4 cxd4 5. Nxd4 Nc6 6. Be3 Nf6 7. Nc3 d6 8. Be2
O-O 9. O-O Nxd4 10. Bxd4 Be6 11. Qd2 Rc8 12. b3 a6 1/2-1/2

[Event "40th Guernsey Open 2014"]
[Site "Vale GCI"]
[Date "2014.10.24"]
[Round "6.6"]
[White "Mack, Wolfgang"]
[Black "Maloberti, David"]
[Result "1/2-1/2"]
[WhiteTitle "FM"]
[WhiteElo "2219"]
[BlackElo "2063"]
[WhiteFideId "4685458"]
[BlackFideId "620149"]
[EventDate "2014.10.19"]
[EventType "swiss"]

1. c4 f5 2. Nc3 Nf6 3. g3 d6 4. Bg2 e6 5. d3 Be7 6. e4 fxe4 7. Nxe4 e5 8. Ne2
Nc6 9. N2c3 Nd4 10. Be3 Ne6 11. O-O O-O 12. b4 c6 13. Qb3 Ng4 14. Qd1 Nf6 15.
Nxf6+ Bxf6 16. Ne4 Be7 17. Qb3 Kh8 18. Rac1 Qe8 19. Qd1 Qg6 20. f3 d5 21. cxd5
cxd5 22. Nc5 d4 23. Bf2 Nxc5 24. bxc5 Bf5 25. Re1 Bf6 26. Bf1 Bd7 27. Qe2 Bc6
28. Bg2 Rfe8 29. Rb1 Qf7 30. Rf1 Qd5 31. Qc2 Bg5 32. Be1 Be3+ 33. Bf2 Bg5 34.
Be1 Be3+ 35. Bf2 1/2-1/2

[Event "40th Guernsey Open 2014"]
[Site "Vale GCI"]
[Date "2014.10.24"]
[Round "6.7"]
[White "Wager, John D"]
[Black "Gieben, Stijn"]
[Result "1-0"]
[WhiteElo "2088"]
[BlackElo "2157"]
[WhiteFideId "420204"]
[BlackFideId "1034170"]
[EventDate "2014.10.19"]
[EventType "swiss"]

1. d4 d5 2. Nf3 Nf6 3. e3 c6 4. Bd3 Bg4 5. Nbd2 Nbd7 6. h3 Bxf3 7. Nxf3 e6 8.
O-O Bd6 9. c4 dxc4 10. Bxc4 O-O 11. Re1 e5 12. e4 Qb6 13. Bg5 Qxb2 14. Bxf6 Nxf6
15. Rb1 Qc3 16. dxe5 Qxc4 17. exd6 Nxe4 18. Rxb7 Rad8 19. Ne5 Qa6 20. Rxf7 Nf6
21. Qb3 Nd5 22. Rxf8+ Rxf8 23. Rd1 1-0

[Event "40th Guernsey Open 2014"]
[Site "Vale GCI"]
[Date "2014.10.24"]
[Round "6.8"]
[White "Collier, David O"]
[Black "Tjiam, Dharma"]
[Result "0-1"]
[BlackTitle "IM"]
[WhiteElo "2043"]
[BlackElo "2386"]
[WhiteFideId "406422"]
[BlackFideId "1001493"]
[EventDate "2014.10.19"]
[EventType "swiss"]

1. d4 Nf6 2. Bg5 e6 3. Nd2 c5 4. e3 Be7 5. c3 d6 6. Ngf3 h6 7. Bxf6 Bxf6 8. dxc5
d5 9. e4 O-O 10. e5 Be7 11. b4 Qc7 12. Rc1 b6 13. Bb5 bxc5 14. a3 Nd7 15. Bxd7
Bxd7 16. O-O a5 17. Qe2 cxb4 18. cxb4 Qb7 19. Rfe1 axb4 20. axb4 Qxb4 21. Rb1
Qa4 22. Nb3 Qb5 23. Qe3 Ra3 24. Nfd4 Qa4 25. Qe2 Rc8 26. h3 Rc3 27. Qb2 Rc4 28.
Ra1 Qb4 29. Rxa3 Qxe1+ 0-1

[Event "40th Guernsey Open 2014"]
[Site "Vale GCI"]
[Date "2014.10.24"]
[Round "6.9"]
[White "Canonne, Antoine"]
[Black "Hess, Christian1"]
[Result "1/2-1/2"]
[BlackTitle "FM"]
[WhiteElo "1945"]
[BlackElo "2185"]
[WhiteFideId "619388"]
[BlackFideId "4605969"]
[EventDate "2014.10.19"]
[EventType "swiss"]

1. e4 c6 2. d4 d5 3. Nc3 dxe4 4. Nxe4 Bf5 5. Ng3 Bg6 6. h4 h6 7. Nh3 Nf6 8. Nf4
Bh7 9. c3 e6 10. Bc4 Bd6 11. Qf3 Nbd7 12. Nfh5 Rg8 13. Bf4 Qc7 14. Bxd6 Qxd6 15.
Nxf6+ Nxf6 16. O-O-O O-O-O 17. Bd3 Bxd3 18. Rxd3 Qd5 1/2-1/2

[Event "40th Guernsey Open 2014"]
[Site "Vale GCI"]
[Date "2014.10.24"]
[Round "6.11"]
[White "Reijneveld, Ad"]
[Black "Bolt, Graham"]
[Result "1/2-1/2"]
[WhiteElo "2120"]
[BlackElo "1981"]
[WhiteFideId "1010654"]
[BlackFideId "410438"]
[EventDate "2014.10.19"]
[EventType "swiss"]

1. e4 g6 2. d4 Bg7 3. Nc3 d6 4. f4 e6 5. Nf3 Ne7 6. Bd3 a6 7. a4 b6 8. O-O Bb7
9. f5 exf5 10. exf5 Nd7 11. Bg5 f6 12. Bd2 O-O 13. Ne2 g5 14. Ng3 Kh8 15. h4 h6
16. Nh2 Qe8 17. h5 Qf7 18. c3 Rfe8 19. Qc2 d5 20. b4 c5 21. bxc5 bxc5 22. Rfb1
Rab8 23. Nf3 Nc6 24. Rb2 c4 25. Be2 Bf8 26. Be1 Na5 27. Bf2 Nb3 28. Raa2 Bd6 29.
Bd1 Na5 30. Qb1 Re7 31. Nf1 Ree8 32. Bg3 Qf8 33. Bxd6 Qxd6 34. Qc1 Re7 35. Re2
Rbe8 36. Rxe7 Rxe7 37. Qb2 Qc7 38. Qa3 Re8 1/2-1/2

[Event "40th Guernsey Open 2014"]
[Site "Vale GCI"]
[Date "2014.10.24"]
[Round "6.12"]
[White "Rowe, Peter"]
[Black "Heppell, Ian N"]
[Result "1/2-1/2"]
[WhiteTitle "CM"]
[WhiteElo "1962"]
[BlackElo "2087"]
[WhiteFideId "10700099"]
[BlackFideId "412058"]
[EventDate "2014.10.19"]
[EventType "swiss"]

1. d4 d6 2. Nf3 Bg4 3. Bf4 Nd7 4. Nbd2 Ngf6 5. h3 Bh5 6. c3 c6 7. Qb3 Qc7 8. e3
e6 9. Be2 Be7 10. O-O O-O 11. Rfe1 Rfe8 12. Rad1 a5 13. a4 Qb6 14. Qa2 d5 15.
Bd3 Bg6 16. Bxg6 hxg6 17. Rb1 c5 18. Ne5 Nxe5 19. Bxe5 Rec8 20. dxc5 Qc6 21.
Rec1 Bxc5 22. b4 Bf8 23. b5 Qd7 24. c4 Bb4 25. Bxf6 gxf6 26. cxd5 exd5 27. Nf3
Qf5 28. Nd4 Qe4 1/2-1/2

[Event "40th Guernsey Open 2014"]
[Site "Vale GCI"]
[Date "2014.10.24"]
[Round "6.13"]
[White "Lochte, Thomas"]
[Black "Campbell, Ian"]
[Result "1/2-1/2"]
[WhiteElo "2071"]
[BlackElo "1980"]
[WhiteFideId "4606272"]
[BlackFideId "415219"]
[EventDate "2014.10.19"]
[EventType "swiss"]

1. e4 g6 2. d4 Bg7 3. Nc3 d6 4. Bc4 e6 5. f4 Ne7 6. Nf3 a6 7. a4 O-O 8. O-O Nd7
9. f5 exf5 10. Bg5 Nf6 11. e5 Ne4 12. Nxe4 fxe4 13. Nd2 d5 14. Bxe7 Qxe7 15.
Bxd5 Qd8 16. Bxe4 1/2-1/2

[Event "40th Guernsey Open 2014"]
[Site "Vale GCI"]
[Date "2014.10.24"]
[Round "6.14"]
[White "De Kruif, Kees"]
[Black "Hewson, Brian Wr"]
[Result "0-1"]
[WhiteElo "1927"]
[BlackElo "2066"]
[WhiteFideId "1006479"]
[BlackFideId "437484"]
[EventDate "2014.10.19"]
[EventType "swiss"]

1. c4 e5 2. g3 Nf6 3. Bg2 d5 4. cxd5 Nxd5 5. Nc3 Nb6 6. Nf3 Nc6 7. O-O Be7 8. d4
exd4 9. Nb5 Bf6 10. Bf4 Nd5 11. Qd2 a6 12. Na3 Nxf4 13. Qxf4 O-O 14. Rfd1 Qe7
15. Rd3 Nb4 16. Rdd1 c5 17. Nc4 Be6 18. Nb6 Nd5 19. Nxd5 Bxd5 20. e3 Bxf3 21.
Bxf3 dxe3 22. Qxe3 Qxe3 23. fxe3 Rab8 24. Rd7 b6 25. Rb1 Rfd8 26. Rd5 Rxd5 27.
Bxd5 Rd8 28. e4 Kf8 29. b4 Bd4+ 30. Kg2 Ke7 31. Bb7 c4 32. Rc1 c3 33. Rc2 Be5
34. Bd5 a5 35. bxa5 bxa5 36. Kf3 Rb8 37. Bb3 Rb4 38. Ke3 f6 39. Kd3 a4 40. Bd5
Kd6 41. Bf7 Ke7 42. Bd5 f5 43. Ke3 Kd6 44. Ba8 g6 45. exf5 gxf5 46. Bf3 Bf6 47.
Bg2 h5 48. Bf3 h4 49. gxh4 Rxh4 50. Bb7 Be5 51. Kd3 Kc5 52. Rf2 Rh3+ 53. Kc2 f4
54. Bc8 Rh8 55. Bd7 a3 56. Kb3 Kd4 57. Kxa3 Ke3 58. Rc2 f3 59. Kb4 f2 60. Bb5
Rxh2 61. Kb3 Bd4 62. Bf1 Rh1 63. Rc1 Rxf1 64. Rxf1 Kd2 0-1

[Event "40th Guernsey Open 2014"]
[Site "Vale GCI"]
[Date "2014.10.24"]
[Round "6.15"]
[White "Magnussen, Pal"]
[Black "Rosen, Daniel B"]
[Result "0-1"]
[BlackTitle "CM"]
[WhiteElo "1952"]
[BlackElo "2068"]
[WhiteFideId "1711814"]
[BlackFideId "405418"]
[EventDate "2014.10.19"]
[EventType "swiss"]

1. e4 d6 2. d4 g6 3. Nc3 Bg7 4. h3 Nf6 5. Nf3 O-O 6. Be3 Nbd7 7. e5 Ne8 8. Be2
c6 9. Qd2 Qa5 10. Bg5 f6 11. exf6 exf6 12. Bf4 Nb6 13. O-O Bf5 14. Rfe1 Rf7 15.
Bf1 Bf8 16. a3 Nd5 17. b4 Qd8 18. Nxd5 cxd5 19. c4 dxc4 20. d5 Rc8 21. b5 Ng7
22. g4 Bd7 23. Qb4 g5 24. Be3 h5 25. gxh5 Nxh5 26. Rac1 g4 27. Nd4 gxh3 28. Rxc4
Rg7+ 29. Kh1 Qe8 30. Bh6 Rxc4 31. Rxe8 Rxb4 32. Rxf8+ Kxf8 33. axb4 Ke7 34. Bxg7
Nxg7 35. Kh2 Nh5 36. Bc4 Nf4 37. Nf3 Ng6 38. Bf1 Ne5 39. Nd4 Ng6 40. Kg3 Bc8 41.
Bd3 Kf7 42. f4 h2 43. Be4 f5 44. Bg2 Bd7 45. Bf3 Kf6 46. Bg2 Be8 47. Bf3 Ne7 48.
Ne2 Bh5 0-1

[Event "40th Guernsey Open 2014"]
[Site "Vale GCI"]
[Date "2014.10.24"]
[Round "6.16"]
[White "Brown, Rowan M"]
[Black "Grieve, Harry"]
[Result "0-1"]
[WhiteElo "2195"]
[BlackElo "1738"]
[WhiteFideId "404756"]
[BlackFideId "426520"]
[EventDate "2014.10.19"]
[EventType "swiss"]

1. e4 c5 2. Nc3 Nc6 3. Bb5 Nd4 4. Bc4 g6 5. Nf3 Bg7 6. Nxd4 Bxd4 7. Qf3 Nf6 8.
Ne2 Be5 9. c3 d5 10. exd5 O-O 11. h3 Bf5 12. d3 b5 13. Bxb5 Qxd5 14. Qxd5 Nxd5
15. Bc6 Rad8 16. Bh6 Bg7 17. Bxg7 Kxg7 18. d4 c4 19. b3 Nb6 20. b4 Rd6 21. Bf3
Na4 22. O-O f6 23. Rfe1 e5 24. dxe5 fxe5 25. Ng3 Nxc3 26. Rxe5 Bxh3 27. Rc1 Nxa2
28. Rxc4 Be6 29. Rh4 Rb6 30. b5 Nc3 31. Bc6 Rf6 32. Rc5 Nd1 33. Ne4 Rf5 34. Rc1
Nb2 35. Nd6 Re5 36. Ra1 Bd5 37. Rxa7+ Kf6 38. Ne8+ Kg5 39. Raxh7 Nd3 40. Bd7
Re1+ 41. Kh2 Nxf2 42. Rd4 Be6 43. Bxe6 Rbxe6 44. Rd5+ Kf4 45. Rf7+ Ke3 46. Rf3+
Ke2 47. Nc7 Re4 48. Rg5 Re7 49. Rxg6 Rh1+ 50. Kg3 Ne4+ 51. Kf4 Rh4+ 52. Kf5 Rf7+
53. Ke5 Rxc7 54. Rc6 Re7+ 55. Kd5 Rh5+ 56. Kd4 Nd2 57. Rh3 Rxb5 58. Kc3 Re4 59.
g3 Nf3 60. Rhh6 Rd5 61. Rhe6 Ne5 62. Kb3 Rb5+ 63. Kc3 Kf3 64. Rc7 Kxg3 65. Rf6
Ng4 66. Rf8 Re3+ 67. Kc2 Rbb3 68. Rg8 Kf3 69. Rf7+ Ke2 70. Rc7 Nf2 71. Re8 Rxe8
72. Kxb3 Kd2 73. Kc4 Nd3 74. Kd4 Rh8 75. Re7 Rh4+ 76. Re4 Rh5 77. Rg4 Nc1 78.
Rg2+ Ne2+ 79. Ke4 Rh4+ 80. Ke5 Ke3 81. Rg8 Rh5+ 82. Kd6 Nc3 83. Rg3+ Kd4 84. Rg1
Rh6+ 85. Kd7 Ne4 86. Rd1+ Ke5 87. Re1 Rd6+ 88. Ke7 Ra6 89. Kd7 Rg6 90. Ke7 Rg7+
91. Ke8 Kf5 92. Rf1+ Ke6 93. Kd8 Nf6 94. Re1+ Kd6 95. Rd1+ Nd5 96. Ke8 Kc6 97.
Rc1+ Kb7 98. Kf8 Rh7 99. Kg8 Rd7 100. Kf8 Nc7 101. Rb1+ Kc8 102. Rc1 Kd8 103.
Kg8 Ne6 104. Ra1 Ke7 105. Rf1 Rd4 106. Rf7+ Ke8 107. Ra7 Rf4 108. Ra8+ Ke7 109.
Ra7+ Kd6 110. Ra5 Rf8+ 111. Kh7 Rf6 112. Kg8 Rf4 113. Ra6+ Ke5 114. Ra5+ Kf6
115. Ra6 Rg4+ 116. Kh7 Rh4+ 117. Kg8 Rh6 118. Rb6 Rg6+ 119. Kh7 Rg7+ 120. Kh8
Re7 121. Ra6 Kg6 122. Ra8 Ng5 123. Kg8 Rg7+ 124. Kf8 Ne6+ 0-1

[Event "40th Guernsey Open 2014"]
[Site "Vale GCI"]
[Date "2014.10.24"]
[Round "6.17"]
[White "Bakker, Joop"]
[Black "Broek, Thomas"]
[Result "0-1"]
[WhiteElo "1951"]
[BlackElo "2201"]
[WhiteFideId "1012100"]
[BlackFideId "1005731"]
[EventDate "2014.10.19"]
[EventType "swiss"]

1. d4 Nf6 2. Nc3 d5 3. Bg5 c5 4. Bxf6 gxf6 5. e4 dxe4 6. dxc5 Qa5 7. Qh5 e6 8.
O-O-O Nd7 9. Bb5 f5 10. Bxd7+ Bxd7 11. Nxe4 O-O-O 12. Nf6 Qxa2 13. Rxd7 Rxd7 14.
Nxd7 Bg7 15. c3 Rd8 16. c6 bxc6 17. Nc5 Bh6+ 0-1

[Event "40th Guernsey Open 2014"]
[Site "Vale GCI"]
[Date "2014.10.24"]
[Round "6.18"]
[White "Norman, Kenneth I"]
[Black "Kraft, Karl-Heinz"]
[Result "1-0"]
[WhiteTitle "CM"]
[WhiteElo "2153"]
[BlackElo "2004"]
[WhiteFideId "402419"]
[BlackFideId "12924121"]
[EventDate "2014.10.19"]
[EventType "swiss"]

1. Nf3 d6 2. d4 f5 3. b3 Nf6 4. Bb2 g6 5. g3 Bg7 6. Bg2 O-O 7. O-O c6 8. Nbd2
Qc7 9. a4 h6 10. Re1 Na6 11. Nc4 Kh7 12. e3 Be6 13. Ncd2 Rae8 14. Qe2 Nb4 15.
Rac1 a5 16. c3 Na6 17. c4 Bc8 18. d5 Nb4 19. dxc6 bxc6 20. Red1 e5 21. e4 fxe4
22. Nxe4 Nxe4 23. Qxe4 Bf5 24. Qe2 Bg4 25. Qe4 Bf5 26. Qe2 Qf7 27. Nh4 Nd3 28.
Rxd3 Bxd3 29. Qxd3 Qxf2+ 30. Kh1 Qxb2 31. Qxg6+ Kg8 32. Rb1 Qe2 33. Nf5 Rxf5 34.
Qxf5 e4 35. Rf1 Re7 36. Qc8+ Kh7 37. Bh3 h5 38. Qf5+ Kg8 39. Qc8+ Kh7 40. Qf5+
Kg8 41. Qc8+ Kh7 42. Qxc6 Be5 43. Qc8 Bg7 44. Qf5+ Kg8 45. Qd5+ Kh7 46. Bf5+ Kh6
47. Qxd6+ 1-0

[Event "40th Guernsey Open 2014"]
[Site "Vale GCI"]
[Date "2014.10.24"]
[Round "6.19"]
[White "Purdon, Colin"]
[Black "Riedener, Toni"]
[Result "1/2-1/2"]
[WhiteElo "2106"]
[BlackElo "2039"]
[WhiteFideId "408581"]
[BlackFideId "1302698"]
[EventDate "2014.10.19"]
[EventType "swiss"]

1. d4 d5 2. c4 c6 3. Nf3 Nf6 4. Nc3 a6 5. c5 Bf5 6. Bf4 Nh5 7. e3 Nxf4 8. exf4
g6 9. Bd3 Bxd3 10. Qxd3 Bg7 11. O-O e6 12. Rfe1 O-O 13. b4 Nd7 14. g3 Re8 15. a4
Qc7 16. Ra2 f6 17. Rae2 e5 18. dxe5 fxe5 19. Nxd5 cxd5 20. Qxd5+ Kh8 21. fxe5
Qc6 22. Qb3 Nf8 23. e6 Re7 24. Ng5 a5 25. Nf7+ Kg8 26. b5 Qxc5 27. Rd1 Rae8 28.
Rd7 Bf6 29. Nd8 Kg7 30. Nxb7 Qb6 31. Rxe7+ Bxe7 32. Qf3 Nxe6 33. Nxa5 Rf8 1/2-1/2

[Event "40th Guernsey Open 2014"]
[Site "Vale GCI"]
[Date "2014.10.24"]
[Round "6.20"]
[White "Da Ces, Philippe"]
[Black "Taylor, Mark V"]
[Result "0-1"]
[WhiteElo "1969"]
[BlackElo "2061"]
[WhiteFideId "202665"]
[BlackFideId "409243"]
[EventDate "2014.10.19"]
[EventType "swiss"]

1. d4 e6 2. e4 d5 3. Nc3 Bb4 4. Ne2 dxe4 5. a3 Be7 6. g4 Nc6 7. Nxe4 Nf6 8.
Nxf6+ Bxf6 9. Be3 h5 10. gxh5 Rxh5 11. Bg2 Bd7 12. Qd3 Qe7 13. Ng3 Rh8 14. Ne4
Bh4 15. Nc5 Rb8 16. O-O-O Kf8 17. d5 exd5 18. Qxd5 Be6 19. Nxe6+ fxe6 20. Qc4
Qf6 21. Bxc6 bxc6 22. Bc5+ Kg8 23. Bd4 Qg5+ 24. Kb1 Qd5 25. Qc3 Rd8 26. Rdg1
Qxd4 27. Qxc6 Qb6 28. Qf3 Rh6 29. Rg4 Bf6 30. c3 Qd6 31. Rhg1 Qd3+ 0-1

[Event "40th Guernsey Open 2014"]
[Site "Vale GCI"]
[Date "2014.10.24"]
[Round "6.21"]
[White "Phillips, Owen S"]
[Black "Havenaar, Jan"]
[Result "1/2-1/2"]
[WhiteElo "1915"]
[BlackElo "2050"]
[WhiteFideId "417882"]
[BlackFideId "1005081"]
[EventDate "2014.10.19"]
[EventType "swiss"]

1. e4 c5 2. Nf3 Nc6 3. g3 g6 4. Bg2 Bg7 5. O-O e6 6. d3 Nge7 7. Nbd2 O-O 8. Re1
d5 9. e5 Qc7 10. Qe2 b6 11. h4 h6 12. Nf1 Bb7 13. N1h2 Rad8 14. Bf4 Kh7 15. Ng4
Ng8 16. c3 Ba6 17. Qd2 1/2-1/2

[Event "40th Guernsey Open 2014"]
[Site "Vale GCI"]
[Date "2014.10.24"]
[Round "6.22"]
[White "Fassaert, Desire"]
[Black "Goris, Ton"]
[Result "1-0"]
[WhiteElo "1908"]
[BlackElo "2039"]
[WhiteFideId "1008331"]
[BlackFideId "1003526"]
[EventDate "2014.10.19"]
[EventType "swiss"]

1. Nf3 Nf6 2. b3 g6 3. Bb2 Bg7 4. g3 O-O 5. Bg2 c5 6. c4 Nc6 7. O-O d6 8. d4
cxd4 9. Nxd4 Bd7 10. Nc3 Qc8 11. Rc1 Bh3 12. Nd5 Bxg2 13. Kxg2 Qd7 14. Nxf6+
Bxf6 15. Qd2 Rac8 16. f3 Nxd4 17. Bxd4 Bxd4 18. Qxd4 b6 19. h4 Rc5 20. Rh1 Rfc8
21. Rhd1 b5 22. e4 bxc4 23. b4 R5c7 24. Rc3 Qa4 25. a3 a5 26. Rb1 Qb5 27. Qd5
Rb8 28. f4 Qxd5 29. exd5 e6 30. Rd1 axb4 31. axb4 Rxb4 32. dxe6 fxe6 33. Rxd6
Kf7 34. Rd4 Kf6 35. g4 e5 36. Rd6+ Ke7 37. fxe5 Rc5 38. Ra6 Rxe5 39. Ra7+ Kf6
40. Rxh7 Re2+ 41. Kf3 Re7 42. g5+ 1-0

[Event "40th Guernsey Open 2014"]
[Site "Vale GCI"]
[Date "2014.10.24"]
[Round "6.23"]
[White "Thurlow, Kevin J"]
[Black "Dijksterhuis, Rolf"]
[Result "1/2-1/2"]
[WhiteTitle "CM"]
[WhiteElo "2005"]
[BlackElo "1971"]
[WhiteFideId "406104"]
[BlackFideId "1006452"]
[EventDate "2014.10.19"]
[EventType "swiss"]

1. c4 c6 2. e4 d5 3. exd5 cxd5 4. cxd5 Qxd5 5. Nc3 Qd8 6. Bc4 e6 7. d4 Nf6 8.
Nf3 Be7 9. O-O O-O 10. Qe2 Nbd7 11. d5 exd5 12. Nxd5 Nxd5 13. Bxd5 Nb6 14. Bb3
Bf6 15. Rd1 Qe7 16. Qxe7 Bxe7 17. Bg5 Bxg5 18. Nxg5 Bf5 19. Rac1 h6 20. Nf3 Rac8
21. Rxc8 Rxc8 22. Ne5 Be6 23. Bxe6 1/2-1/2

[Event "40th Guernsey Open 2014"]
[Site "Vale GCI"]
[Date "2014.10.24"]
[Round "6.24"]
[White "Dennis, Nigel W"]
[Black "Spanton, Tim R"]
[Result "0-1"]
[WhiteElo "1826"]
[BlackElo "1975"]
[WhiteFideId "408913"]
[BlackFideId "404802"]
[EventDate "2014.10.19"]
[EventType "swiss"]

1. e4 e5 2. Nf3 Nc6 3. Bb5 Nf6 4. O-O Nxe4 5. d4 Nd6 6. Bxc6 dxc6 7. dxe5 Nf5 8.
Qxd8+ Kxd8 9. Nc3 Ke8 10. b3 a5 11. Bb2 Bb4 12. Ne4 a4 13. a3 Be7 14. b4 Be6 15.
Rad1 h5 16. Nd4 Nxd4 17. Bxd4 b6 18. Rfe1 h4 19. h3 Rh6 20. f3 Rg6 21. Kh1 Rd8
22. Bf2 Rd5 23. Nc3 Rxd1 24. Rxd1 Bf5 25. Rd2 Bg5 26. Re2 b5 27. Nb1 Re6 28. Nc3
Bc1 29. Nb1 g5 30. Bd4 f6 31. Be3 Rxe5 32. Bxc1 Rxe2 0-1

[Event "40th Guernsey Open 2014"]
[Site "Vale GCI"]
[Date "2014.10.24"]
[Round "6.25"]
[White "Karcher, Berthold"]
[Black "Van den Boogaart, Jan Maarten"]
[Result "0-1"]
[WhiteElo "1861"]
[BlackElo "2041"]
[WhiteFideId "24669687"]
[BlackFideId "1044559"]
[EventDate "2014.10.19"]
[EventType "swiss"]

1. Nf3 Nf6 2. g3 d5 3. Bg2 c6 4. d4 Bg4 5. Ne5 Bf5 6. Nd2 e6 7. O-O Nbd7 8. Ndf3
Bd6 9. Bf4 Qc7 10. Nxd7 Nxd7 11. Bxd6 Qxd6 12. b3 h6 13. Re1 Nf6 14. Ne5 Rd8 15.
f3 Bh7 16. Qd2 O-O 17. e3 c5 18. c3 Rc8 19. c4 Rfd8 20. Red1 b6 21. Bf1 cxd4 22.
Qxd4 Qc7 23. Qb2 dxc4 24. Rxd8+ Rxd8 25. Nxc4 b5 26. Na3 a6 27. Rc1 Qb6 28. Qf2
Qa5 29. Nb1 Bxb1 30. Rxb1 Rd2 31. Qe1 Qxa2 32. Ra1 Qb2 33. Rxa6 Rxh2 34. Ra8+
Kh7 35. Rb8 e5 36. Rxb5 e4 37. Rf5 exf3 38. Rxf3 Ng4 39. Qd1 Rh1+ 0-1

[Event "40th Guernsey Open 2014"]
[Site "Vale GCI"]
[Date "2014.10.24"]
[Round "6.27"]
[White "Kirby, Peter J."]
[Black "Van Veen, Wout"]
[Result "1-0"]
[WhiteTitle "CM"]
[WhiteElo "1985"]
[BlackElo "1835"]
[WhiteFideId "409014"]
[BlackFideId "1022750"]
[EventDate "2014.10.19"]
[EventType "swiss"]

1. c4 e5 2. g3 Nc6 3. Bg2 g6 4. Nc3 Bg7 5. e4 d6 6. Nge2 h5 7. h4 Nd4 8. Nxd4
exd4 9. Ne2 Nf6 10. d3 c5 11. O-O O-O 12. Bd2 a6 13. b4 b5 14. e5 1-0

[Event "40th Guernsey Open 2014"]
[Site "Vale GCI"]
[Date "2014.10.24"]
[Round "6.28"]
[White "Goetzee, Rick"]
[Black "Fulton, A.J."]
[Result "1/2-1/2"]
[WhiteElo "1898"]
[BlackElo "2026"]
[WhiteFideId "2501813"]
[BlackFideId "15600025"]
[EventDate "2014.10.19"]
[EventType "swiss"]

1. d4 Nf6 2. c4 c5 3. d5 e6 4. Nc3 exd5 5. cxd5 d6 6. e4 g6 7. Nf3 Bg7 8. Be2
O-O 9. Bg5 h6 10. Bf4 a6 11. a4 Re8 12. Nd2 Qc7 13. O-O Nbd7 14. Qc2 Ne5 15. Nc4
Rb8 16. a5 Bd7 17. Bxe5 dxe5 1/2-1/2

[Event "40th Guernsey Open 2014"]
[Site "Vale GCI"]
[Date "2014.10.24"]
[Round "6.29"]
[White "Reutimann, Hans Peter"]
[Black "Hawkins, James N H"]
[Result "1/2-1/2"]
[WhiteElo "1817"]
[BlackElo "1923"]
[WhiteFideId "1313886"]
[BlackFideId "409928"]
[EventDate "2014.10.19"]
[EventType "swiss"]

1. d4 Nf6 2. Nf3 g6 3. Bf4 Bg7 4. e3 O-O 5. Nbd2 d6 6. c3 b6 7. Bc4 Bb7 8. Qc2
Nbd7 9. O-O c5 10. a4 a6 11. Rfe1 d5 12. Bf1 Nh5 13. Bg5 h6 14. Bh4 Nhf6 15. b3
Rc8 16. Qb2 Ne4 17. Nxe4 dxe4 18. Nd2 g5 19. Bg3 h5 20. h3 f5 21. Rad1 Qe8 22.
Qa2 Kh8 23. Nc4 h4 24. Bh2 Qg6 25. Ne5 Nxe5 26. Bxe5 g4 27. hxg4 fxg4 28. Bxg7+
Qxg7 29. dxc5 Rxc5 30. c4 Rcf5 31. Rd7 Bc8 32. Rc7 g3 33. Re2 Qf6 34. Qb2 Qxb2
35. Rxb2 gxf2+ 36. Kh2 R5f7 37. Rd2 Bf5 38. Rxf2 Bg4 1/2-1/2